| 000 | 00907nam a22001937a 4500 | ||
|---|---|---|---|
| 003 | OSt | ||
| 005 | 20260226052800.0 | ||
| 008 | 260226b |||||||| |||| 00| 0 eng d | ||
| 040 |
_aDWCL GS library _cOC |
||
| 082 | _aFic. D621p 2008 | ||
| 100 | _aDixon, Franklin W. | ||
| 245 |
_athe hard boys mystery stories 26 _b: the phantom freighter _cFranklin W. Dixon |
||
| 260 |
_aNew York _bGrosset & Dunlap _cc1947 |
||
| 300 |
_a181 _billustrations _c19cm |
||
| 520 | _a"The Phantom Freighter" (#26) follows Frank and Joe Hardy as they investigate a smuggling ring involving counterfeit goods and illicit cargo operating in Bayport and on the high seas. The brothers are enlisted by eccentric Thaddeus McClintock for a dangerous sea voyage, facing threats and sabotage. | ||
| 546 | _aEnglish | ||
| 700 | _aFranklin W. Dixon | ||
| 942 |
_2ddc _cFIC. _hFic. D621p 2008 _n0 |
||
| 999 |
_c8565 _d8565 |
||